Anton Perulero (Record no. 160304)

MARC details
000 -LEADER
campo de control de longitud fija 00813nam a22001695i 4500
001 - NÚMERO DE CONTROL
campo de control 160304
003 - IDENTIFICADOR DE NÚMERO DE CONTROL
campo de control ES-MaACL
005 - FECHA Y HORA DE LA ÚLTIMA TRANSACCIÓN
campo de control 20230906212008.0
008 - DATOS DE LONGITUD FIJA--INFORMACIÓN GENERAL
campo de control de longitud fija 020417s1871 sp |||| | spa d
040 ## - FUENTE DE CATALOGACIÓN
Centro catalogador/agencia de origen CAM
Lengua de catalogación spa
Centro/agencia transcriptor CAM
100 1# - ENTRADA PRINCIPAL--NOMBRE DE PERSONA
Nombre de persona Mozo de Rosales, Emilio.
9 (RLIN) 130267
245 10 - MENCIÓN DEL TÍTULO
Título Anton Perulero
Resto del título : juguete cómico en un acto, escrito en verso sobre un pensamiento de Manuel Delgado /
Mención de responsabilidad, etc. por Emilio Mozo de Rosales.
260 ## - PUBLICACIÓN, DISTRIBUCIÓN, ETC.
Lugar de publicación, distribución, etc. Madrid :
Nombre del editor, distribuidor, etc. [s.n.],
Fecha de publicación, distribución, etc. 1871 (
Fabricante Imprenta de José Rodríguez)
300 ## - DESCRIPCIÓN FÍSICA
Extensión 27 p. ;
Dimensiones 19 cm.
500 ## - NOTA GENERAL
Nota general En port.: Representado por primera vez en el Teatro del Recreo el dia de enero de 1871.
852 ## - LOCALIZACIÓN
Ubicación ES-MaACL
Número de control de estantería F-8566(11)
Nota libre -- Enc. pasta española
condición física -- Falto de la cub. original
Nota libre .- Enc. en vol. facticio formando parte de la col. facticia "Teatro español moderno", vol. 19
Holdings
Estatus retirado Estado de pérdida Estado de daño No para préstamo Colección Biblioteca de origen Biblioteca actual Ubicación en estantería Fecha de adquisición Fuente de adquisición Total de préstamos Signatura topográfica completa Código de barras Visto por última vez Precio de reemplazo Tipo de ítem Koha
        Libros del s. XIX Biblioteca del Ateneo de Madrid Biblioteca del Ateneo de Madrid Sala Pecera Planta 2 17/01/2008     F-8566(11) 1167851 23/02/2023 23/02/2023 Libro impreso antiguo